Προφητισμός : η Παλαιά Διαθήκη δια τον Ιησούν Χριστόν

Αποθηκεύτηκε σε:
Λεπτομέρειες βιβλιογραφικής εγγραφής
Κύριος συγγραφέας: Τίγκας, Αναστάσιος Π.
Μορφή: Βιβλίο
Γλώσσα:Greek
Δημοσίευση: Αθήναι : [χ.ό.], 1968
Θέματα:
Ετικέτες: Προσθήκη ετικέτας
Δεν υπάρχουν, Καταχωρήστε ετικέτα πρώτοι!

MARC

LEADER 00000nam a2200000 i 4500
001 1/82498
008 050729s1968 gre d
035 |l 10079542 
040 |a GR-MY-UA  |b gre  |e aacr 
041 0 |a gre 
082 0 |a 221.92  |2 (22) 
100 1 |a Τίγκας, Αναστάσιος Π. 
245 1 0 |a Προφητισμός :  |b η Παλαιά Διαθήκη δια τον Ιησούν Χριστόν /  |c Αναστασίου Π. Τίγκα 
260 |a Αθήναι :   |b [χ.ό.],   |c 1968 
300 |a 206 σ.;  |c 25 εκ. 
500 |a Με: Θρησκευτικαί προσωπικότητες της Παλαιάς Διαθήκης / Βασιλείου Μ. Βέλλα. - Εισαγωγή εις την θεολογίαν της Παλαιάς Διαθήκης / Νικολάου Π. Μπρατσιώτου. - Αι αμετάφραστοι λέξεις εν τω κείμενω των Ο' / υπό Παναγιώτου Ν. Σιμωτά 
500 |a Το αντίτυπο με αριθμό 122144 είναι δεμένο με: Η ονοματολογία της Αγίας Γραφής / Αναστασίου Π. Τίγκα 
650 0 0 |a Prophecy. 
852 |a INST  |b RHODES  |c KRI  |e 20050729  |h  221.92 ΒΕΛ  |p 005400022697  |q 005400022697  |t BK  |y 0 
852 |a INST  |b RHODES  |c KRI  |e 20051003  |h  221.92 ΤΙΓ  |p 005400028107  |q 005400028107  |t BK  |y 0 
901 |a BIBL4-2005-2 
909 |a Ρ  |b 122036 
909 |a Ρ  |b 122144 
920 |a ΚΡΙΚΩΝΗΣ  |b ΔΗΜΗΤΡΙΟΣ Ι.  |y ΡΟΔΟΣ  |z 2004-10 
970 |a ΚΟΖΑ  |b ΜΑΡΙΑ  |z 2005/07/29